Normal view MARC view

Entry Personal Name

Number of records used in: 1

001 - CONTROL NUMBER

  • control field: 9756

003 - CONTROL NUMBER IDENTIFIER

  • control field: DLC

005 - DATE AND TIME OF LATEST TRANSACTION

  • control field: 20231018143525.0

008 - FIXED-LENGTH DATA ELEMENTS

  • fixed length control field: 991229n| azannaabn |n aaa c

010 ## - LIBRARY OF CONGRESS CONTROL NUMBER

  • LC control number: no 99092033

035 ## - SYSTEM CONTROL NUMBER

  • System control number: (OCoLC)oca05128100

040 ## - CATALOGING SOURCE

  • Original cataloging agency: NN
  • Language of cataloging: eng
  • Description conventions: rda
  • Transcribing agency: NN
  • Modifying agency: DLC
  • Modifying agency: DLC
  • Modifying agency: DLC

053 #0 - LC CLASSIFICATION NUMBER

  • Classification number element--single number or beginning number of span: PS3621.M75

100 1# - HEADING--PERSONAL NAME

  • Personal name: Umrigar, Thrity N.

370 ## - ASSOCIATED PLACE

  • Place of residence/headquarters: Bombay (India)
  • Place of residence/headquarters: Akron (Ohio)

375 ## - GENDER

  • Gender: female

670 ## - SOURCE DATA FOUND

  • Source citation: Tools of empowerment, 1997:
  • Information found: t.p. (Thrity N. Umrigar)

670 ## - SOURCE DATA FOUND

  • Source citation: Bombay time, 2001:
  • Information found: CIP t.p. (Thrity Umrigar) pub. info (grew up in Bombay; lives in Akron, Ohio)

Powered by Koha